| 000 | 00584nam a2200181Ia 4500 | ||
|---|---|---|---|
| 008 | 090630s9999 xx 000 0 und d | ||
| 082 | _b20651 | ||
| 100 | _aखांबेटे सतिश. | ||
| 245 |
_aवृत्तकार. _cखांबेटे सतिश. |
||
| 260 |
_bआमोद - मुंबई. _c1998 |
||
| 300 | _a98 | ||
| 600 | _aखांबेटे सतिश. | ||
| 630 | _aवृत्तकार. | ||
| 655 | _aकादंबरी. | ||
| 700 | _aखांबेटे सतिश. | ||
| 730 | _aवृत्तकार. | ||
| 942 | _cBOOK | ||
| 999 |
_c272507 _d272507 |
||